| 000 | 00449nam a22001817a 4500 | ||
|---|---|---|---|
| 003 | CEME | ||
| 005 | 20210628202705.0 | ||
| 008 | 201230b xxu||||| |||| 00| 0 eng d | ||
| 020 | _a9780199459742 | ||
| 040 | _cCEME | ||
| 082 | _a155.25 MIT | ||
| 100 |
_aMitra,Barun K _961095 |
||
| 245 | _aPersonality development and soft skills | ||
| 250 | _a2ND | ||
| 260 |
_aINDIA _bOXFORD UNIVERSITY PRESS _c2017 |
||
| 300 | _aXXI,256P | ||
| 942 |
_cBK _2ddc |
||
| 999 |
_c570651 _d570651 |
||